<?xml version="1.0" encoding="UTF-8"?>
<record
    xmlns:xsi="http://www.w3.org/2001/XMLSchema-instance"
    xsi:schemaLocation="http://www.loc.gov/MARC21/slim http://www.loc.gov/standards/marcxml/schema/MARC21slim.xsd"
    xmlns="http://www.loc.gov/MARC21/slim">

  <leader>00854nam a22002417a 4500</leader>
  <controlfield tag="001">3553</controlfield>
  <controlfield tag="003">FISKH</controlfield>
  <controlfield tag="005">20240320083433.0</controlfield>
  <controlfield tag="008">240320b        cb ||||| |||| 00| 0 eng d</controlfield>
  <datafield tag="040" ind1=" " ind2=" ">
    <subfield code="a">FISK </subfield>
    <subfield code="b">eng </subfield>
    <subfield code="c">FISK</subfield>
    <subfield code="d">FISK</subfield>
  </datafield>
  <datafield tag="050" ind1=" " ind2=" ">
    <subfield code="a">PZ7.L72256 </subfield>
  </datafield>
  <datafield tag="082" ind1=" " ind2=" ">
    <subfield code="a">511 </subfield>
  </datafield>
  <datafield tag="100" ind1=" " ind2=" ">
    <subfield code="a">Little Griffiths Kimberley </subfield>
    <subfield code="d">1961-</subfield>
  </datafield>
  <datafield tag="245" ind1=" " ind2=" ">
    <subfield code="a">The healing spell / </subfield>
    <subfield code="c">Kimberley Griffiths Little </subfield>
  </datafield>
  <datafield tag="260" ind1=" " ind2=" ">
    <subfield code="a">New York : </subfield>
    <subfield code="b">Scholastic, </subfield>
    <subfield code="c">2011</subfield>
  </datafield>
  <datafield tag="300" ind1=" " ind2=" ">
    <subfield code="a">354 pages : </subfield>
    <subfield code="c">20 cm </subfield>
  </datafield>
  <datafield tag="505" ind1=" " ind2=" ">
    <subfield code="a">M </subfield>
  </datafield>
  <datafield tag="520" ind1=" " ind2=" ">
    <subfield code="a">Eleven-year-old tomboy Livie is sure that she is responsible for the accident that has put her mother into a coma, so, trying to make amends, she travels through the Louisiana swamps to get a spell that will make her mother well again. </subfield>
  </datafield>
  <datafield tag="521" ind1="8" ind2=" ">
    <subfield code="a">800 </subfield>
    <subfield code="b">Lexile </subfield>
  </datafield>
  <datafield tag="700" ind1=" " ind2=" ">
    <subfield code="a">Kimberley Griffiths Little </subfield>
  </datafield>
  <datafield tag="942" ind1=" " ind2=" ">
    <subfield code="2">ddc</subfield>
    <subfield code="c">BK</subfield>
    <subfield code="n">0</subfield>
  </datafield>
  <datafield tag="999" ind1=" " ind2=" ">
    <subfield code="c">3553</subfield>
    <subfield code="d">3553</subfield>
  </datafield>
  <datafield tag="952" ind1=" " ind2=" ">
    <subfield code="0">0</subfield>
    <subfield code="1">0</subfield>
    <subfield code="2">ddc</subfield>
    <subfield code="4">0</subfield>
    <subfield code="7">0</subfield>
    <subfield code="8">FIC</subfield>
    <subfield code="a">001</subfield>
    <subfield code="b">001</subfield>
    <subfield code="c">SBS</subfield>
    <subfield code="d">2024-03-20</subfield>
    <subfield code="l">0</subfield>
    <subfield code="o">LIT PZ7.L72256 511 </subfield>
    <subfield code="p">2024-0361</subfield>
    <subfield code="r">2024-03-20 09:08:20</subfield>
    <subfield code="t">1</subfield>
    <subfield code="w">2024-03-20</subfield>
    <subfield code="y">BK</subfield>
  </datafield>
</record>
